00659nam a2200217 a 450000100060000000300080000600500170001400800410003102000150007203500190008704000350010604100080014108200240014910000240017324500900019726000360028730000260032350000180034965000320036783000420039949606BD-RjUL20211209054712.0160821s1973 enk 001 0 eng d a0875892124 a(BD-RjUL)49725 aBD-RjULbengcBD-RjULdBD-RjUL aeng 223a361.3bWEO 19731 aWeissman, Harold H.10aOvercoming mismanagement in the human service professions /c[by] Harold H. Weissman. aLondon :bJossey - Bass,c1973. axii, 145 p. ;c24 cm. aInclude index aSocial work administration. 0aJossey-Bass behavioral science series